000 00647nam a2200193 4500
001 000010790
005 20200929162307.0
008 700401s1970 maua 001 0 eng
040 _aDO-SdBNP
_bspa
_cBNPHU
082 _a547
_bL759ó, 1970
100 1 _aLinstromberg, Walter William,
_d1912-
_926070
245 1 0 _aOrganic chemistry :
_ba brief course /
_cWalter W. Linstromberg ; under the editirship Jacob Kleinberg.
250 _a2a ed.
260 _aLexington, Massachusetts :
_bHeath,
_c1970.
300 _aix, 502 p. :
_bil. ;
_c25 cm.
650 4 _aQuímica orgánica
_915418
910 _aValidado. Control de calidad BNPHU
049 _aBNGR
999 _c10541
_d10541